Địa danh văn hóa du lịch Quảng Nam dưới góc nhìn ngôn ngữ
Mô tả bức tranh tổng thể, sinh động về đời sống của cư dân Quảng Nam với những gam màu đặc sắc riêng có, và đây cũng là di sản quý giá cần bảo tồn cho thế hệ mai sau. Sử dụng và khai thác các địa danh văn hóa du lịch như “nguồn nguyên liệu” đặc biệt cho ngành Du lịch. Nâng cao công tác quảng bá điểm...
Gardado en:
| Autor Principal: | |
|---|---|
| Outros autores: | |
| Formato: | Libro |
| Idioma: | Vietnamese |
| Publicado: |
Đà Nẵng
Đại học Đà Nẵng
2014
|
| Những chủ đề: | |
| Các nhãn: |
Engadir etiqueta
Sen Etiquetas, Sexa o primeiro en etiquetar este rexistro!
|
| Thư viện lưu trữ: | Mạng thư viện Đại học Đà Nẵng |
|---|
| LEADER | 02014nam a2200349 4500 | ||
|---|---|---|---|
| 001 | 000020116 | ||
| 003 | 16558 | ||
| 005 | 20150302160336.0 | ||
| 008 | 150123s2014 viesd | ||
| 041 | |a vie | ||
| 082 | 1 | 4 | |a 808.06691 |b XA-T |
| 100 | 1 | |a Xa Doãn Hồng Thủy | |
| 245 | 1 | |a Địa danh văn hóa du lịch Quảng Nam dưới góc nhìn ngôn ngữ |c Xa Doãn Hồng Thủy ; Nguyễn Ngọc Chinh hướng dẫn. |k Luận văn Thạc sĩ | |
| 260 | |a Đà Nẵng |b Đại học Đà Nẵng |c 2014 | ||
| 300 | |a 107 tr., phụ lục 25 tr. |b Hình ảnh |c 29 cm. |e Tóm tắt | ||
| 500 | |a Luận văn thạc sĩ Khoa học. Chuyên ngành: Ngôn ngữ học. Mã số: 60.22.01 | ||
| 520 | |a Mô tả bức tranh tổng thể, sinh động về đời sống của cư dân Quảng Nam với những gam màu đặc sắc riêng có, và đây cũng là di sản quý giá cần bảo tồn cho thế hệ mai sau. Sử dụng và khai thác các địa danh văn hóa du lịch như “nguồn nguyên liệu” đặc biệt cho ngành Du lịch. Nâng cao công tác quảng bá điểm đến qua thương hiệu “xứ Quảng” làm sống lại nét đẹp của một vùng quê Duyên hải Nam Trung bộ trù phú. | ||
| 650 | 0 | 4 | |a Ngôn ngữ địa danh |v Luận văn tốt nghiệp |x Địa danh văn hóa du lịch |z Quảng Nam |
| 653 | |a Địa danh văn hóa du lịch | ||
| 653 | |a Ngôn ngữ học | ||
| 653 | |a Ngôn ngữ địa danh | ||
| 700 | 1 | |a Nguyễn Ngọc Chinh |c PGS.TS |e Hướng dẫn | |
| OWN | |a LSP | ||
| AVA | |a UDN50 |b LSP |d 808.06691 XA-T |e available |t Error 5001 Not defined in file expand_doc_bib_avail. |f 1 |g 0 |h N |i 0 |k 1 | ||
| 999 | |a From the UDN01 | ||
| AVA | |a UDN50 |b LSP |d 808.06691 XA-T |e available |t Error 5001 Not defined in file expand_doc_bib_avail. |f 1 |g 0 |h N |i 0 |k 1 | ||
| TYP | |a Monograph | ||
| TYP | |a Printed language | ||
| 980 | |a Mạng thư viện Đại học Đà Nẵng | ||